[Event "Senior-DM 50+ 2024"]
[Site "Aarhus"]
[Date "2024.02.12"]
[Round "1.1"]
[White "Rewitz, Poul"]
[Black "Friis, Henrik"]
[Result "1-0"]
[WhiteElo "2220"]
[BlackElo "1775"]
[PlyCount "76"]
[EventDate "2024.02.12"]
[EventType "swiss"]
[EventRounds "7"]
[EventCountry "DEN"]
[SourceTitle "Live v. Thomas Vestergaard"]

1. e4 d6 2. d4 Nf6 3. Bd3 e5 4. c3 Be7 5. Ne2 Bg4 6. h3 Bh5 7. g4 Bg6 8. Ng3 Nfd7 9. Nd2 c5 10. d5 Bg5 11. Nc4 Be7 12. a4 Nb6 13. Ne3 N8d7 14. Ngf5 Bxf5 15. Nxf5 g6 16. Nxe7 Qxe7 17. a5 Nc8 18. a6 b6 19. Qa4 Kd8 20. h4 h6 21. Bb5 Rb8 22. Bc6 f6 23. c4 Rh7 24. Ra3 Qe8 25. Rf3 Qe7 26. Bxd7 Qxd7 27. Qxd7+ Kxd7 28. Rxf6 Ne7 29. f4 b5 30. fxe5 dxe5 31. Rhf1 bxc4 32. Re6 Rb3 33. Rxe5 c3 34. bxc3 Rxc3 35. Bd2 Rb3 36. Re6 c4 37. Rf8 c3 38. Bf4 g5 1-0

[Event "Senior-DM 50+ 2024"]
[Site "Aarhus"]
[Date "2024.02.12"]
[Round "1.2"]
[White "Horslund, Mikael"]
[Black "Grue, Vibeke"]
[Result "1-0"]
[WhiteElo "1720"]
[BlackElo "1135"]
[PlyCount "59"]
[EventDate "2024.02.12"]
[EventType "swiss"]
[EventRounds "7"]
[EventCountry "DEN"]
[SourceTitle "Live v. Thomas Vestergaard"]

1. Nf3 d5 2. b3 Nc6 3. Bb2 Bf5 4. e3 a6 5. c4 Nb4 6. Nd4 Bd3 7. a3 Bxf1 8. Kxf1 Nd3 9. Bc3 e5 10. Nf3 e4 11. Ne5 Qf6 12. Nxd3 Qf5 13. g4 Qg5 14. h4 Qe7 15. Bb4 Qf6 16. Bc3 Qb6 17. Nf4 O-O-O 18. Nxd5 Qd6 19. Qc2 Re8 20. Bb2 h5 21. g5 Qe6 22. Nbc3 Bd6 23. d4 Qf5 24. Qe2 f6 25. c5 Bg3 26. Ke1 c6 27. Nb6+ Kc7 28. fxg3 Qe6 29. d5 Qe5 30. Nb5+ 1-0

[Event "Senior-DM 50+ 2024"]
[Site "Aarhus"]
[Date "2024.02.12"]
[Round "1.3"]
[White "Andersen, Lars Rene"]
[Black "Munksgaard, Bo"]
[Result "1-0"]
[WhiteElo "2069"]
[BlackElo "1563"]
[PlyCount "39"]
[EventDate "2024.02.12"]
[EventType "swiss"]
[EventRounds "7"]
[EventCountry "DEN"]
[SourceTitle "Live v. Thomas Vestergaard"]

1. e4 c5 2. Nf3 e6 3. d4 cxd4 4. Nxd4 a6 5. c4 Qc7 6. Bd3 Nc6 7. Nxc6 dxc6 8. O-O e5 9. Nc3 Nf6 10. Kh1 Be6 11. Qe2 Bc5 12. f4 Bd4 13. f5 Bc8 14. Nd1 h5 15. Be3 Qd6 16. Nf2 Bd7 17. Rac1 c5 18. Bxd4 Qxd4 19. Rcd1 Bc6 20. Bb1 1-0

[Event "Senior-DM 50+ 2024"]
[Site "Aarhus"]
[Date "2024.02.12"]
[Round "1.4"]
[White "Starup, Leo"]
[Black "Jensen, Morten Frank"]
[Result "0-1"]
[WhiteElo "1527"]
[BlackElo "2014"]
[PlyCount "96"]
[EventDate "2024.02.12"]
[EventType "swiss"]
[EventRounds "7"]
[EventCountry "DEN"]
[SourceTitle "Live v. Thomas Vestergaard"]

1. c4 g6 2. Nc3 Bg7 3. g3 c5 4. Bg2 Nc6 5. Nf3 b6 6. d3 Bb7 7. O-O Qc8 8. Qc2 Nf6 9. a3 O-O 10. Bg5 Re8 11. Rab1 d6 12. Bd2 Nd7 13. e3 Nce5 14. Nxe5 Nxe5 15. e4 Nc6 16. Nd5 Nd4 17. Qd1 e6 18. Ne3 Qd7 19. b4 Rad8 20. Ng4 f5 21. exf5 gxf5 22. Nh6+ Kh8 23. Qh5 Bxg2 24. Kxg2 Rf8 25. Bg5 Bf6 26. h4 Qg7 27. Rbe1 Qg6 28. Qxg6 hxg6 29. Rh1 Rde8 30. f4 cxb4 31. axb4 Nc2 32. Rb1 Bxg5 33. hxg5 Kg7 34. c5 dxc5 35. bxc5 Ne3+ 36. Kf3 Nd5 37. d4 Rb8 38. cxb6 axb6 39. Rhc1 Rfc8 40. Re1 Rc6 41. Ra1 b5 42. Ra7+ Rc7 43. Ra6 Rc3+ 44. Kf2 Rc2+ 45. Kg1 Nc7 46. Rd6 b4 47. Rd7+ Kf8 48. Nf7 b3 0-1

[Event "Senior-DM 50+ 2024"]
[Site "Aarhus"]
[Date "2024.02.12"]
[Round "1.5"]
[White "Riis, Peter"]
[Black "Sparvang, Johnny"]
[Result "1-0"]
[WhiteElo "1987"]
[BlackElo "1503"]
[PlyCount "47"]
[EventDate "2024.02.12"]
[EventType "swiss"]
[EventRounds "7"]
[EventCountry "DEN"]
[SourceTitle "Live v. Thomas Vestergaard"]

1. e4 e6 2. d4 d5 3. Nc3 Nf6 4. Bg5 Be7 5. e5 Nfd7 6. h4 a6 7. Qg4 h5 8. Qg3 O-O 9. Bh6 g6 10. Bd3 Kh7 11. Bxf8 Qxf8 12. f4 c5 13. O-O-O c4 14. Bf1 Qh6 15. Nf3 Nc6 16. Kb1 b5 17. Ng5+ Kg7 18. f5 Bxg5 19. hxg5 Qh7 20. f6+ Kg8 21. Ne2 Nf8 22. Qe1 Qh8 23. g4 Nh7 24. Qh4 1-0

[Event "Senior-DM 50+ 2024"]
[Site "Aarhus"]
[Date "2024.02.12"]
[Round "1.6"]
[White "Moller, Henrik Allan"]
[Black "Oehlerich, Per"]
[Result "1/2-1/2"]
[WhiteElo "1453"]
[BlackElo "1910"]
[PlyCount "136"]
[EventDate "2024.02.12"]
[EventType "swiss"]
[EventRounds "7"]
[EventCountry "DEN"]
[SourceTitle "Live v. Thomas Vestergaard"]

1. Nf3 d5 2. d4 Nf6 3. Bf4 e6 4. e3 c5 5. c4 Nc6 6. Nc3 cxd4 7. Nxd4 Nxd4 8. Qxd4 Bb4 9. cxd5 Bxc3+ 10. Qxc3 exd5 11. Be5 O-O 12. Bxf6 Qxf6 13. Qxf6 gxf6 14. g3 Be6 15. Bg2 Rac8 16. O-O Rc2 17. Rfc1 Rxb2 18. Rcb1 Rxb1+ 19. Rxb1 Rb8 20. a3 b6 21. Rc1 Kf8 22. h4 f5 23. Kf1 a5 24. Ke2 b5 25. Rc5 b4 26. axb4 axb4 27. Rc2 Ke7 28. f4 Kd6 29. Kd3 Rg8 30. Ke2 Rxg3 31. Kf2 Rg4 32. Rb2 Kc5 33. Rc2+ Kd6 34. Rb2 Rxh4 35. Rxb4 Rg4 36. Rd4 Rg8 37. Rd1 Ke7 38. Bf3 Rd8 39. Rh1 Rh8 40. Rd1 Kd6 41. e4 fxe4 42. Bxe4 f5 43. Bf3 h5 44. Rh1 Bf7 45. Ke3 Rb8 46. Bxh5 Rh8 47. Bf3 Rxh1 48. Bxh1 Kc5 49. Kd3 d4 50. Bb7 Bd5 51. Bc8 Be4+ 52. Kd2 Kd6 53. Ba6 d3 54. Bxd3 Bxd3 55. Kxd3 Kd5 56. Ke3 Kc4 57. Kf3 Kd3 58. Kf2 Ke4 59. Ke2 Kxf4 60. Kf2 Ke4 61. Ke2 f4 62. Kf2 f3 63. Kf1 Ke3 64. Ke1 Kf4 65. Kf2 Kg4 66. Kf1 Kg3 67. Kg1 f2+ 68. Kf1 Kf3 1/2-1/2

[Event "Senior-DM 50+ 2024"]
[Site "Aarhus"]
[Date "2024.02.13"]
[Round "2.1"]
[White "Jensen, Morten Frank"]
[Black "Rewitz, Poul"]
[Result "0-1"]
[WhiteElo "2014"]
[BlackElo "2220"]
[PlyCount "92"]
[EventDate "2024.02.12"]
[EventType "swiss"]
[EventRounds "7"]
[EventCountry "DEN"]
[SourceTitle "Live v. Thomas Vestergaard"]

1. d4 g6 2. e4 Nf6 3. Nc3 d5 4. e5 Nh5 5. Be2 Ng7 6. Bh6 Nf5 7. Bxf8 Kxf8 8. Qd2 h5 9. Nf3 e6 10. O-O-O a5 11. Bd3 Nd7 12. Ne2 Nb6 13. h3 Nc4 14. Qg5 Bd7 15. g4 Qxg5+ 16. Nxg5 Ne7 17. Nf4 h4 18. Rhe1 a4 19. Bxc4 dxc4 20. d5 Nxd5 21. Nxd5 exd5 22. Rxd5 Bc6 23. Rc5 a3 24. b3 cxb3 25. cxb3 Kg7 26. e6 f6 27. Ne4 Rhe8 28. g5 Rxe6 29. gxf6+ Kh6 30. f3 Rf8 31. Rf1 Bxe4 32. fxe4 Rfxf6 33. Re1 c6 34. Rc3 Rf2 35. Rc2 Rf3 36. Rh2 Kg5 37. Rg2+ Rg3 38. Reg1 Kf4 39. Rf1+ Ke3 40. Re1+ Kf3 41. Rge2 Rxh3 42. Kd2 Rg3 43. Kd3 h3 44. Kd4 Rg2 45. Re3+ Kg4 46. Rh1 h2 0-1

[Event "Senior-DM 50+ 2024"]
[Site "Aarhus"]
[Date "2024.02.13"]
[Round "2.2"]
[White "Riis, Peter"]
[Black "Andersen, Lars Rene"]
[Result "1-0"]
[WhiteElo "1987"]
[BlackElo "2069"]
[PlyCount "79"]
[EventDate "2024.02.12"]
[EventType "swiss"]
[EventRounds "7"]
[EventCountry "DEN"]
[SourceTitle "Live v. Thomas Vestergaard"]

1. e4 c5 2. Nf3 d6 3. d4 cxd4 4. Nxd4 Nf6 5. Nc3 a6 6. f3 e5 7. Nb3 Be6 8. Be3 Be7 9. Qd2 Nbd7 10. O-O-O Rc8 11. Kb1 Nb6 12. g4 O-O 13. h4 Re8 14. h5 h6 15. g5 hxg5 16. Bxg5 Nbd7 17. Bh3 Bxh3 18. Rxh3 Kh7 19. Rg1 Rg8 20. f4 Kh8 21. f5 Qe8 22. Qg2 Nh7 23. Bxe7 Qxe7 24. Nd5 Qd8 25. Rg3 Qf8 26. Qh1 Ndf6 27. Nc3 Qe8 28. Nd2 Nf8 29. Rd3 Qe7 30. Nf3 N8h7 31. Nh4 Nxh5 32. Nd5 Qe8 33. Rh3 g6 34. fxg6 fxg6 35. Qf3 Qf8 36. Nxg6+ Rxg6 37. Rxg6 Qxf3 38. Rxf3 Rc4 39. Ne7 Ng7 40. Rh6 1-0

[Event "Senior-DM 50+ 2024"]
[Site "Aarhus"]
[Date "2024.02.13"]
[Round "2.3"]
[White "Oehlerich, Per"]
[Black "Horslund, Mikael"]
[Result "1-0"]
[WhiteElo "1910"]
[BlackElo "1720"]
[PlyCount "55"]
[EventDate "2024.02.12"]
[EventType "swiss"]
[EventRounds "7"]
[EventCountry "DEN"]
[SourceTitle "Live v. Thomas Vestergaard"]

1. e4 d6 2. d4 Nf6 3. Nc3 c6 4. f4 Qa5 5. Bd3 e5 6. dxe5 dxe5 7. Nf3 Nbd7 8. Bd2 Qc7 9. O-O Bd6 10. f5 Ng4 11. Qe2 h5 12. Kh1 b5 13. a3 Bb7 14. Rad1 a6 15. b4 a5 16. h3 axb4 17. axb4 Qb6 18. Rb1 Be7 19. Nd1 Bf6 20. Ne3 Ke7 21. c4 Ra2 22. c5 Qa7 23. Nd1 Nh6 24. Nc3 Ra6 25. Rfd1 Ra8 26. Bxh6 gxh6 27. Nxb5 cxb5 28. Bxb5 1-0

[Event "Senior-DM 50+ 2024"]
[Site "Aarhus"]
[Date "2024.02.13"]
[Round "2.4"]
[White "Friis, Henrik"]
[Black "Moller, Henrik Allan"]
[Result "1-0"]
[WhiteElo "1775"]
[BlackElo "1453"]
[PlyCount "133"]
[EventDate "2024.02.12"]
[EventType "swiss"]
[EventRounds "7"]
[EventCountry "DEN"]
[SourceTitle "Live v. Thomas Vestergaard"]

1. Nf3 Nf6 2. g3 g6 3. Bg2 Bg7 4. O-O O-O 5. d3 d5 6. Nbd2 Nbd7 7. c3 c6 8. a4 a5 9. Qc2 Qc7 10. h3 Re8 11. e4 dxe4 12. dxe4 e5 13. b3 Nc5 14. Ba3 Bf8 15. Rfd1 Be6 16. Ng5 Rad8 17. Nxe6 Nxe6 18. Bb2 Bg7 19. Nc4 Nc5 20. b4 axb4 21. cxb4 Na6 22. Qb3 Bf8 23. Rxd8 Rxd8 24. Bxe5 Qe7 25. Qf3 Bg7 26. Bxf6 Qxf6 27. Qxf6 Bxf6 28. e5 Be7 29. b5 cxb5 30. axb5 Nc5 31. Ra2 Rd4 32. Na5 Rb4 33. Bf1 Bd8 34. Rc2 Bb6 35. Nc4 Bc7 36. Nd6 b6 37. Rd2 Kf8 38. h4 Ne4 39. Nxe4 Rxe4 40. f4 Ke7 41. Bg2 Re3 42. Kf2 Ra3 43. Bc6 Ra7 44. Rd3 Ke6 45. Ke3 Bxe5 46. fxe5 Kxe5 47. Rd7 Ra3+ 48. Rd3 Ra7 49. Rd5+ Ke6 50. Ke4 f5+ 51. Ke3 Ra3+ 52. Rd3 Ra7 53. Rc3 Kf6 54. Bf3 Ke5 55. Be2 Ra4 56. Rc4 Ra3+ 57. Bd3 h6 58. Rc6 g5 59. hxg5 hxg5 60. Rxb6 f4+ 61. gxf4+ gxf4+ 62. Kd2 Ra2+ 63. Kc3 f3 64. Rb8 f2 65. Rf8 Kd6 66. Rf5 Kc7 67. Bc2 1-0

[Event "Senior-DM 50+ 2024"]
[Site "Aarhus"]
[Date "2024.02.13"]
[Round "2.5"]
[White "Grue, Vibeke"]
[Black "Starup, Leo"]
[Result "0-1"]
[WhiteElo "1135"]
[BlackElo "1527"]
[PlyCount "99"]
[EventDate "2024.02.12"]
[EventType "swiss"]
[EventRounds "7"]
[EventCountry "DEN"]
[SourceTitle "Live v. Thomas Vestergaard"]

1. e4 e5 2. Nf3 Nc6 3. Bc4 Bc5 4. O-O h6 5. d3 Nf6 6. Nc3 d6 7. h3 O-O 8. Be3 Bb6 9. Ne2 Na5 10. Bb5 a6 11. Bxb6 cxb6 12. Ba4 b5 13. Bb3 Nxb3 14. axb3 Bd7 15. b4 Rc8 16. c4 bxc4 17. dxc4 Nxe4 18. Qd5 Bc6 19. Qd3 Qe7 20. b5 axb5 21. cxb5 Nc5 22. Qc4 Bd7 23. Nc3 Be6 24. Nd5 Qd8 25. Qa2 Bxd5 26. Qxd5 Qe7 27. b4 Ne6 28. Ra7 Rc7 29. b6 Rd7 30. Rc1 Rb8 31. g3 Qd8 32. Qb5 Qe7 33. Qc4 Nd8 34. Qg4 Nc6 35. Rxc6 Rbd8 36. Rc4 d5 37. Rc5 f6 38. Nh4 Qf7 39. Nf5 Kh8 40. Rca5 d4 41. Nh4 d3 42. Ra1 d2 43. Rd1 Rd4 44. Qf3 e4 45. Qf4 Qh5 46. Raa1 Qf7 47. Qg4 e3 48. Ng6+ Kg8 49. Nf4 f5 50. Qe2 0-1

[Event "Senior-DM 50+ 2024"]
[Site "Aarhus"]
[Date "2024.02.14"]
[Round "3.1"]
[White "Rewitz, Poul"]
[Black "Riis, Peter"]
[Result "1-0"]
[WhiteElo "2220"]
[BlackElo "1987"]
[PlyCount "89"]
[EventDate "2024.02.12"]
[EventType "swiss"]
[EventRounds "7"]
[EventCountry "DEN"]
[SourceTitle "Live v. Thomas Vestergaard"]

1. d4 Nf6 2. Nf3 g6 3. e3 Bg7 4. Be2 O-O 5. O-O d5 6. Nbd2 Nbd7 7. b4 c6 8. Bb2 Qc7 9. c4 Re8 10. Qb3 e5 11. Nxe5 Nxe5 12. dxe5 dxc4 13. Nxc4 Nd5 14. Nd6 Rxe5 15. Nxc8 Re8 16. Bxg7 Kxg7 17. Nxa7 Rxa7 18. Bf3 Ne7 19. Qc3+ f6 20. a4 Rd8 21. a5 Qe5 22. Qxe5 fxe5 23. Rfd1 Raa8 24. Rac1 Kf6 25. Kf1 g5 26. Be4 h6 27. Ke2 Ke6 28. Bc2 Rd6 29. Bb3+ Kd7 30. Rxd6+ Kxd6 31. Rd1+ Kc7 32. Be6 Rd8 33. Rxd8 Kxd8 34. Kf3 Kc7 35. Kg4 Kd6 36. Bb3 Nd5 37. Kh5 Nxb4 38. Kxh6 c5 39. Kxg5 Nc6 40. h4 Nxa5 41. h5 Nxb3 42. h6 c4 43. h7 c3 44. h8=Q c2 45. Qd8+ 1-0

[Event "Senior-DM 50+ 2024"]
[Site "Aarhus"]
[Date "2024.02.14"]
[Round "3.2"]
[White "Andersen, Lars Rene"]
[Black "Oehlerich, Per"]
[Result "1-0"]
[WhiteElo "2069"]
[BlackElo "1910"]
[PlyCount "61"]
[EventDate "2024.02.12"]
[EventType "swiss"]
[EventRounds "7"]
[EventCountry "DEN"]
[SourceTitle "Live v. Thomas Vestergaard"]

1. c4 c5 2. Nf3 g6 3. d4 cxd4 4. Nxd4 Bg7 5. e4 d6 6. Nc3 Nc6 7. Be3 Nf6 8. Be2 O-O 9. O-O Bd7 10. f3 Ne8 11. Qd2 Nc7 12. Nc2 f5 13. exf5 Bxf5 14. Rad1 Ne6 15. Bd3 Bxd3 16. Qxd3 Kh8 17. b3 Nf4 18. Qd2 Qa5 19. b4 Qf5 20. Nd4 Bxd4 21. Bxd4+ e5 22. Be3 Nxb4 23. Ne4 Nc6 24. Nxd6 Qe6 25. Rfe1 b6 26. Bxf4 Rfd8 27. Bg5 Rd7 28. Qd5 Qxd5 29. cxd5 Nd4 30. Bf6+ Kg8 31. Bxe5 1-0

[Event "Senior-DM 50+ 2024"]
[Site "Aarhus"]
[Date "2024.02.14"]
[Round "3.3"]
[White "Horslund, Mikael"]
[Black "Jensen, Morten Frank"]
[Result "1/2-1/2"]
[WhiteElo "1720"]
[BlackElo "2014"]
[PlyCount "86"]
[EventDate "2024.02.12"]
[EventType "swiss"]
[EventRounds "7"]
[EventCountry "DEN"]
[SourceTitle "Live v. Thomas Vestergaard"]

1. d4 g6 2. e4 Bg7 3. Be3 c5 4. c3 cxd4 5. cxd4 Nc6 6. Nf3 Qb6 7. Qd2 Nf6 8. Nc3 Ng4 9. Nd5 Qd8 10. Bf4 d6 11. h3 Nf6 12. Nxf6+ Bxf6 13. Bh6 Bd7 14. Be2 Rg8 15. Be3 h5 16. O-O-O Qa5 17. Qxa5 Nxa5 18. Kb1 O-O-O 19. Rc1+ Kb8 20. d5 b6 21. Ng5 Bxg5 22. Bxg5 f6 23. Be3 Nb7 24. b4 Rc8 25. Kb2 Rh8 26. f4 Rxc1 27. Rxc1 Rc8 28. Rxc8+ Kxc8 29. g4 hxg4 30. hxg4 Nd8 31. Bd4 Nf7 32. Kb3 g5 33. f5 Kb7 34. a4 a6 35. b5 axb5 36. axb5 Kc7 37. Kb4 Nd8 38. Bf3 Nb7 39. Bd1 Nc5 40. Bc2 Be8 41. Bb1 Bd7 42. Bc2 Bc8 43. Bb1 Bd7 1/2-1/2

[Event "Senior-DM 50+ 2024"]
[Site "Aarhus"]
[Date "2024.02.14"]
[Round "3.4"]
[White "Munksgaard, Bo"]
[Black "Friis, Henrik"]
[Result "1/2-1/2"]
[WhiteElo "1563"]
[BlackElo "1775"]
[PlyCount "210"]
[EventDate "2024.02.12"]
[EventType "swiss"]
[EventRounds "7"]
[EventCountry "DEN"]
[SourceTitle "Live v. Thomas Vestergaard"]

1. Nf3 Nf6 2. g3 d6 3. Bg2 e5 4. d3 Be7 5. e4 O-O 6. O-O c6 7. a4 Nbd7 8. Nbd2 b6 9. Re1 a6 10. Qe2 Re8 11. Nc4 Bb7 12. b3 b5 13. axb5 axb5 14. Rxa8 Qxa8 15. Ne3 Bf8 16. Bb2 Qb8 17. c4 b4 18. Qd2 c5 19. h3 g6 20. Ng4 Nxg4 21. hxg4 Bg7 22. g5 Qc7 23. Nh2 Ra8 24. Ra1 Rxa1+ 25. Bxa1 Qa5 26. Bb2 Qa2 27. Nf3 Nb6 28. Qc2 Bc8 29. Nd2 h6 30. Qb1 Qxb1+ 31. Nxb1 hxg5 32. Nd2 g4 33. Nf1 Bh6 34. Ne3 Be6 35. Kf1 Nd7 36. Ke2 Nb8 37. Kd1 Nc6 38. Kc2 Nd8 39. Bf1 f6 40. Be2 Bxe3 41. fxe3 Nf7 42. d4 Ng5 43. Kd3 Bd7 44. Bc1 Kh7 45. Bd2 Nf7 46. Bd1 Nd8 47. d5 Nb7 48. Bc2 Na5 49. Be1 Kh6 50. Bd2 Kg5 51. Ke2 Bc8 52. Kf2 Ba6 53. Ke2 Bc8 54. Kf2 Kh5 55. Ke2 f5 56. exf5 gxf5 57. e4 Kg6 58. Be3 Nb7 59. Kd2 Nd8 60. Ke2 Nf7 61. Kf2 fxe4 62. Ke2 Bf5 63. Kf2 Kf6 64. Ke2 Bg6 65. Kf2 Kf5 66. Ke2 Kf6 67. Kf2 Nd8 68. Ke2 Nb7 69. Kd2 Na5 70. Kc1 Bf5 71. Kd2 Kg6 72. Kc1 Nb7 73. Kd2 Kh5 74. Kc1 Nd8 75. Kd2 Nf7 76. Ke2 Nh8 77. Kf2 Ng6 78. Kg2 Ne7 79. Kf2 Bg6 80. Ke2 Nf5 81. Kf2 Nd4 82. Bd1 Be8 83. Ke1 Bd7 84. Kf2 Bc8 85. Ke1 Ba6 86. Kf2 Nf5 87. Be2 Bb7 88. Bd1 Ne7 89. Bc2 Bc8 90. Bd1 Ng6 91. Kg2 Nh8 92. Kf2 Nf7 93. Ke1 Kg6 94. Kf2 Kf5 95. Be2 Nh8 96. Bd1 Ng6 97. Kg2 Kf6 98. Kf2 Bf5 99. Be2 Bd7 100. Kg2 Kf5 101. Kf2 Be8 102. Kg2 Bf7 103. Kf2 Ne7 104. Ke1 Bxd5 105. cxd5 Nxd5 1/2-1/2

[Event "Senior-DM 50+ 2024"]
[Site "Aarhus"]
[Date "2024.02.14"]
[Round "3.5"]
[White "Starup, Leo"]
[Black "Moller, Henrik Allan"]
[Result "1/2-1/2"]
[WhiteElo "1527"]
[BlackElo "1453"]
[PlyCount "39"]
[EventDate "2024.02.12"]
[EventType "swiss"]
[EventRounds "7"]
[EventCountry "DEN"]
[SourceTitle "Live v. Thomas Vestergaard"]

1. c4 Nf6 2. Nc3 c5 3. g3 d5 4. cxd5 Nxd5 5. Bg2 e6 6. a3 Nc6 7. Nf3 Be7 8. e3 b6 9. O-O Bb7 10. Qc2 Bf6 11. Rb1 O-O 12. d3 Nxc3 13. bxc3 Rc8 14. Bb2 Qe7 15. Ba1 Rfd8 16. c4 Rd7 17. Rfd1 Rcd8 18. Ne1 Na5 19. Bxb7 Nxb7 20. Qe2 1/2-1/2

[Event "Senior-DM 50+ 2024"]
[Site "Aarhus"]
[Date "2024.02.14"]
[Round "3.6"]
[White "Grue, Vibeke"]
[Black "Madsen, Gert Medom"]
[Result "0-1"]
[WhiteElo "1135"]
[BlackElo "1788"]
[PlyCount "72"]
[EventDate "2024.02.12"]
[EventType "swiss"]
[EventRounds "7"]
[EventCountry "DEN"]
[SourceTitle "Live v. Thomas Vestergaard"]

1. e4 c5 2. Bc4 e6 3. c3 Nc6 4. Nf3 d6 5. d3 Be7 6. Be3 Nf6 7. O-O O-O 8. h3 a6 9. Qa4 Bd7 10. Qc2 b5 11. Bb3 Na5 12. e5 dxe5 13. Nxe5 Be8 14. Qe2 Nxb3 15. axb3 Qd5 16. f4 Bd6 17. c4 Qb7 18. Nf3 Nh5 19. Qd2 Ng3 20. Rf2 f6 21. Kh2 Nf5 22. Re2 Bc6 23. Nc3 Bxf3 24. Rf2 Bc6 25. Rg1 Rad8 26. g4 Nxe3 27. Qxe3 Rfe8 28. Ne4 Bxe4 29. dxe4 Bc7 30. h4 Rd4 31. e5 fxe5 32. fxe5 Qe4 33. Qg5 Bxe5+ 34. Kh3 Rd3+ 35. Rg3 Rxg3+ 36. Kh2 Rxg4+ 0-1

[Event "Senior-DM 50+ 2024"]
[Site "Aarhus"]
[Date "2024.02.15"]
[Round "4.1"]
[White "Andersen, Lars Rene"]
[Black "Rewitz, Poul"]
[Result "0-1"]
[WhiteElo "2069"]
[BlackElo "2220"]
[PlyCount "76"]
[EventDate "2024.02.12"]
[EventType "swiss"]
[EventRounds "7"]
[EventCountry "DEN"]
[SourceTitle "Live v. Thomas Vestergaard"]

1. c4 g6 2. Nc3 Nf6 3. g3 Bg7 4. Bg2 c5 5. e3 O-O 6. Nge2 Na6 7. O-O Nc7 8. e4 e5 9. d3 Rb8 10. Be3 d6 11. h3 b5 12. b3 b4 13. Nb1 Nd7 14. a4 Ne6 15. Ra2 Nd4 16. Bc1 Re8 17. Kh2 Nf8 18. Nxd4 cxd4 19. f4 exf4 20. gxf4 f5 21. Raf2 fxe4 22. Bxe4 Qh4 23. Qf3 Re7 24. Nd2 Kh8 25. Qg2 Nd7 26. Nf3 Qh5 27. Bb2 Nf6 28. Nxd4 Ng4+ 29. Kg3 Ne3 30. Qh2 Nxf1+ 31. Rxf1 Bd7 32. Nf3 Bc3 33. Bc1 Rbe8 34. Kg2 Rxe4 35. dxe4 Rxe4 36. Rf2 Bc6 37. Kf1 Re8 38. Qg3 Bxf3 0-1

[Event "Senior-DM 50+ 2024"]
[Site "Aarhus"]
[Date "2024.02.15"]
[Round "4.2"]
[White "Jensen, Morten Frank"]
[Black "Riis, Peter"]
[Result "1/2-1/2"]
[WhiteElo "2014"]
[BlackElo "1987"]
[PlyCount "82"]
[EventDate "2024.02.12"]
[EventType "swiss"]
[EventRounds "7"]
[EventCountry "DEN"]
[SourceTitle "Live v. Thomas Vestergaard"]

1. d4 Nf6 2. Nc3 d5 3. Bf4 c5 4. e4 cxd4 5. Qxd4 Nc6 6. Bb5 Bd7 7. Bxc6 Bxc6 8. e5 Nd7 9. e6 fxe6 10. Nf3 Qb6 11. O-O-O Qxd4 12. Rxd4 g6 13. Re1 Bg7 14. Rdd1 O-O 15. Bg5 Kf7 16. h4 h6 17. Bf4 Rfc8 18. Ne5+ Nxe5 19. Bxe5 Bf6 20. g3 Rd8 21. Bf4 g5 22. hxg5 hxg5 23. Be5 Rh8 24. Rd2 Rad8 25. Rde2 Bd7 26. Nb1 g4 27. Nd2 Rh5 28. Nb3 Rdh8 29. Nc5 Rxe5 30. Rxe5 Bxe5 31. Rxe5 Bc8 32. Kd2 Kf6 33. Re3 b6 34. Nd3 Rh5 35. Nf4 Rh2 36. Ke1 d4 37. Ra3 a6 38. Ra4 e5 39. Nd5+ Ke6 40. Nxb6 Bb7 41. c3 Kd6 1/2-1/2

[Event "Senior-DM 50+ 2024"]
[Site "Aarhus"]
[Date "2024.02.15"]
[Round "4.3"]
[White "Oehlerich, Per"]
[Black "Munksgaard, Bo"]
[Result "1-0"]
[WhiteElo "1910"]
[BlackElo "1563"]
[PlyCount "45"]
[EventDate "2024.02.12"]
[EventType "swiss"]
[EventRounds "7"]
[EventCountry "DEN"]
[SourceTitle "Live v. Thomas Vestergaard"]

1. e4 c5 2. c3 d5 3. exd5 Qxd5 4. d4 Nc6 5. Nf3 Bg4 6. Be2 e6 7. O-O Nf6 8. h3 Bh5 9. Be3 cxd4 10. cxd4 a6 11. Nc3 Qa5 12. a3 b5 13. Ne5 Bxe2 14. Qxe2 Ne7 15. b4 Qd8 16. a4 bxa4 17. Rxa4 Nfd5 18. Nxd5 Nxd5 19. Rxa6 Bxb4 20. Qb5+ Kf8 21. Nc6 Qe8 22. Rxa8 Qxa8 23. Nxb4 1-0

[Event "Senior-DM 50+ 2024"]
[Site "Aarhus"]
[Date "2024.02.15"]
[Round "4.4"]
[White "Friis, Henrik"]
[Black "Starup, Leo"]
[Result "1-0"]
[WhiteElo "1775"]
[BlackElo "1527"]
[PlyCount "141"]
[EventDate "2024.02.12"]
[EventType "swiss"]
[EventRounds "7"]
[EventCountry "DEN"]
[SourceTitle "Live v. Thomas Vestergaard"]

1. e4 c5 2. Nf3 d6 3. Bb5+ Bd7 4. Bxd7+ Qxd7 5. O-O Nf6 6. Re1 e5 7. c3 Be7 8. d4 cxd4 9. cxd4 exd4 10. Nxd4 O-O 11. Nc3 Nc6 12. Bf4 Nxd4 13. Qxd4 Rfd8 14. Rad1 Qg4 15. Bg3 a6 16. h3 Qc8 17. Nd5 Nxd5 18. Qxd5 Qc6 19. Re2 Qb6 20. Qd4 Qc6 21. Qd3 Rac8 22. Kh2 h6 23. f3 Qb6 24. Qd4 Qc6 25. Qd5 Qb6 26. Bf2 Qc7 27. g3 b5 28. Qb3 Qb7 29. Be1 Rc4 30. Rd5 Qb6 31. Bf2 Qc6 32. Be3 Rc8 33. Kg2 Kf8 34. Bf4 Rd8 35. Red2 Bg5 36. Bxd6+ Kg8 37. f4 Rxd6 38. Rxd6 Qxe4+ 39. Qf3 Qe1 40. Qd3 Rc1 41. Rd1 Rxd1 42. Qxd1 Qe4+ 43. Kh2 Bf6 44. Qd2 a5 45. h4 Qc4 46. b3 Qe4 47. Qd3 Qe1 48. Rd5 g6 49. Rxb5 Qf2+ 50. Kh3 h5 51. a4 Kg7 52. Qe4 Qf1+ 53. Qg2 Qd1 54. Kh2 Bd4 55. Rb7 Bc3 56. Qf2 Bb4 57. Rb5 Qd3 58. Kh3 Qd1 59. Qb2+ Kh7 60. Rb8 Qh1+ 61. Qh2 Qf3 62. Qg2 Qd1 63. Rb7 Qxb3 64. Qe4 Qd1 65. Rxf7+ Kh6 66. f5 Qf1+ 67. Qg2 Qc4 68. fxg6 Qg4+ 69. Kh2 Qxg6 70. Qf2 Bd6 71. Qe3+ 1-0

[Event "Senior-DM 50+ 2024"]
[Site "Aarhus"]
[Date "2024.02.15"]
[Round "4.5"]
[White "Madsen, Gert Medom"]
[Black "Horslund, Mikael"]
[Result "1/2-1/2"]
[WhiteElo "1788"]
[BlackElo "1720"]
[PlyCount "37"]
[EventDate "2024.02.12"]
[EventType "swiss"]
[EventRounds "7"]
[EventCountry "DEN"]
[SourceTitle "Live v. Thomas Vestergaard"]

1. d4 Nf6 2. c4 g6 3. Nc3 d5 4. Nf3 Bg7 5. Qb3 dxc4 6. Qxc4 O-O 7. e4 c6 8. Be2 b6 9. Qb3 Bg4 10. Be3 Be6 11. Bc4 Bxc4 12. Qxc4 b5 13. Qb3 a5 14. Qc2 Ng4 15. Bg5 h6 16. Bf4 g5 17. h3 Nf6 18. Be3 Na6 19. a3 1/2-1/2

[Event "Senior-DM 50+ 2024"]
[Site "Aarhus"]
[Date "2024.02.15"]
[Round "4.6"]
[White "Moller, Henrik Allan"]
[Black "Grue, Vibeke"]
[Result "1-0"]
[WhiteElo "1453"]
[BlackElo "1135"]
[PlyCount "43"]
[EventDate "2024.02.12"]
[EventType "swiss"]
[EventRounds "7"]
[EventCountry "DEN"]
[SourceTitle "Live v. Thomas Vestergaard"]

1. Nf3 c6 2. c4 Nf6 3. d4 d5 4. cxd5 Qa5+ 5. Nc3 Nxd5 6. Bd2 Bf5 7. a3 Qb6 8. Qc1 Nd7 9. e3 c5 10. Nxd5 cxd4 11. Nxb6 axb6 12. Nxd4 Be4 13. f3 Bg6 14. Bb5 Rd8 15. Qc7 e6 16. Bb4 Bxb4+ 17. axb4 O-O 18. Bxd7 h5 19. Bxe6 fxe6 20. Nxe6 Ra8 21. Rxa8 Bf7 22. Rxf8+ 1-0

[Event "Senior-DM 50+ 2024"]
[Site "Aarhus"]
[Date "2024.02.16"]
[Round "5.1"]
[White "Rewitz, Poul"]
[Black "Oehlerich, Per"]
[Result "1-0"]
[WhiteElo "2220"]
[BlackElo "1910"]
[PlyCount "49"]
[EventDate "2024.02.12"]
[EventType "swiss"]
[EventRounds "7"]
[EventCountry "DEN"]
[SourceTitle "Live v. Thomas Vestergaard"]

1. Nf3 d5 2. d4 Nf6 3. e3 e6 4. Bd3 c5 5. c3 Bd6 6. Nbd2 cxd4 7. exd4 O-O 8. Ne5 Qc7 9. f4 Ne8 10. O-O g6 11. Bc2 b5 12. Ndf3 Nc6 13. Bd2 a5 14. h4 Ng7 15. Ng5 f6 16. Nxh7 fxe5 17. Nxf8 Bxf8 18. fxe5 Ne7 19. Qf3 Qd8 20. Qf7+ Kh7 21. h5 Nef5 22. hxg6+ Kh8 23. Rf3 Be7 24. Bxf5 exf5 25. Rh3+ 1-0